000 00461nam a2200181Ia 4500
008 090124s9999 xx 000 0 und d
082 _b29953
_a2866
100 _aबापट वसंत
245 _a शततारका
250 _a1
260 _c1999
300 _a150
600 _aबापट वसंत
630 _a शततारका
700 _aबापट वसंत
730 _a शततारका
942 _cBOOK
999 _c143435
_d143435